000 01133nam a2200337 a 4500
005 20240506134843.0
008 100323t2001||||ag a|||f |||| 000 0 spa d
020 _a9500203812
041 _aspa
092 _c616.3
_l49
_sLOV
100 1 _aLovesio, Carlos.
_9421
245 _aMedicina Intensiva /
_cCarlos Lovesio
250 _a5a ed. Renovada, actualizada y amplia
260 _aBuenos Aires:
_bEl Ateneo;
_c2001.
300 _a1547 p.
500 _aLovesio, C. (2001). Medicina intensiva. (5a ed.). Buenos Aires : El Ateneo.
653 3 _aLa unidad de terapia intensiva
653 _aPatología respiratoria
653 _aPatología cardiovascular
653 _aPatología gastroenterológica
653 3 _aLa injuria traumática
653 _aPatología endocrinometabólica
653 _aPatología renal crítica
653 _aPatología infecciosa
653 _aNutrición en el paciente crítico
653 _aPatología crítica oncohematológica
653 _aPatología crítica en el embarazo y parto
653 _aTransplante de órganos
653 3 _aEl factor pronóstico
942 _2ddc
_cBK
999 _c2176
_d2176